000 00483 a2200157 4500
999 _c8883
_d8883
020 _a0205275982
050 _aHM 51 SMI 1998
100 _aSmith, Gary Scott
_eauthor
245 _aEssential of sociology :
_ba down - to - earth approach/
_cGary Scott Smith & Jane Marie Smith
264 _aBoston :
_bAllyn &Bacon
_c1998
300 _a46p. :
500 _apractice tests for Henslin
650 _aSociology
700 _aSmith, Jane Marie
_eauthor
942 _2lcc
_cBK
_e2nd
_h51
_iSMI
_kHM